| 000 | 00661cab a2200253 4500 | ||
|---|---|---|---|
| 001 | X346 | ||
| 008 | 090401t1992 xxu||||| |||| 00| 0 eng d | ||
| 035 | _a(Sirsi) u65207 | ||
| 041 | _aeng | ||
| 100 | _aWalklet, D. | ||
| 245 | 4 | _aThe future of remote sensing from space | |
| 260 | _c1992 | ||
| 350 | _a0 | ||
| 490 |
_aGeodetical Info Magazine _v6(12) December 1992, 71-73(2) |
||
| 520 | _aReviews the `open skies` policy and implications for remote sensing from space. | ||
| 650 | _aGIS | ||
| 650 | _aGIS | ||
| 650 | _aREMOTE SENSING | ||
| 650 | _aSATELLITES | ||
| 650 | _aUSA | ||
| 690 | _aLAND SURVEYING | ||
| 942 | _n0 | ||
| 948 | _c04/03/1997 | ||
| 999 |
_c40658 _d40658 |
||